00740 a2200193 450000500170000001000150001702000270003203500140005903700090007308200110008210000250009324500910011826000450020927000620025430000260031694200300034299900190037295201550039120250113160824.0 aENG-143351 a9788186772768c1500.00 aEN-126883 bDBAD a305.42 aSharma, Gopal976487 aWomen Empowerment Through Educations in India:cby Gopal SharmabBenefit and Barriers/ aNew DelhibNew Academic Publishersc2015 a4760-61, 23, Ansari Road, DaryaganjbDelhicDelhie110002 a231 p. ;c22 cm. (Hb) adplcEN2ddch305.42mSHA c208440d208440 001040708NFICaLbLd2025-01-13eDelivery of Books Act Divisiong1500.00l0o305.42 SHApEN-126883r2025-01-13 00:00:00t1v1500.00w2025-01-13yEN